Por el Pirineo catalán (Record no. 77778)

MARC details
000 -LEADER
campo de control de longitud fija 00841nam a2200229 i 4500
001 - NÚMERO DE CONTROL
campo de control 77778
003 - IDENTIFICADOR DE NÚMERO DE CONTROL
campo de control ES-MaACL
005 - FECHA Y HORA DE LA ÚLTIMA TRANSACCIÓN
campo de control 20260201170439.0
007 - CAMPO FIJO DE DESCRIPCIÓN FÍSICA--INFORMACIÓN GENERAL
campo de control de longitud fija t|
008 - DATOS DE LONGITUD FIJA--INFORMACIÓN GENERAL
campo de control de longitud fija 041108s1976 sp ||||1| spa d
020 ## - NÚMERO INTERNACIONAL ESTÁNDAR DEL LIBRO
Número Internacional Estándar del Libro 84-400-9713-1
080 ## - NÚMERO DE LA CLASIFICACIÓN DECIMAL UNIVERSAL
Número de la Clasificación Decimal Universal 914.652.2 : (234.1 Pirineos )
100 1# - ENTRADA PRINCIPAL--NOMBRE DE PERSONA
Nombre de persona Enríquez de Salamanca, Cayetano.
9 (RLIN) 47285
245 10 - MENCIÓN DEL TÍTULO
Título Por el Pirineo catalán
Resto del título : (el Pallars, el alto Urgel y Andorra) /
Mención de responsabilidad, etc. Cayetano Enríquez de Salamanca ; prólogo de Agustí Jolis y Mª Antonia Simó de Jolis.
260 ## - PUBLICACIÓN, DISTRIBUCIÓN, ETC.
Lugar de publicación, distribución, etc. Madrid :
Nombre del editor, distribuidor, etc. [s.n.],
Fecha de publicación, distribución, etc. 1976.
300 ## - DESCRIPCIÓN FÍSICA
Extensión 175 p. :
Otras características físicas il. neg. y col. ;
Dimensiones 24 cm.
651 #4 - PUNTO DE ACCESO ADICIONAL DE MATERIA--NOMBRE GEOGRÁFICO
Nombre geográfico Pirineos catalanes (España)-
Subdivisión de forma Guías turísticas.
9 (RLIN) 158853
700 1# - ENTRADA AGREGADA--NOMBRE PERSONAL
Nombre de persona Jolis, Agustí
9 (RLIN) 66796
700 0# - ENTRADA AGREGADA--NOMBRE PERSONAL
Nombre de persona Simó de Jolis, Maria Antònia.
9 (RLIN) 106500
852 ## - LOCALIZACIÓN
Ubicación ES-MaACL
Número de control de estantería E-10282
Sublocalización o colección R.134511
Holdings
Estatus retirado Estado de pérdida Estado de daño No para préstamo Biblioteca de origen Biblioteca actual Ubicación en estantería Fecha de adquisición Fuente de adquisición Total de préstamos Signatura topográfica completa Código de barras Visto por última vez Precio de reemplazo Tipo de ítem Koha
        Biblioteca del Ateneo de Madrid Biblioteca del Ateneo de Madrid Depósito 2 17/01/2008     E-10282 1081368 23/02/2023 23/02/2023 Libro impreso